Gabriela Mistral, rebelde magnífica

में बचाया:
ग्रंथसूची विवरण
मुख्य लेखक: Ladrón de Guevara, Matilde (लेखक)
स्वरूप: पुस्तक
भाषा:स्पेनिश
प्रकाशित: Santiago Central de Talleres 1957
विषय:
टैग: टैग जोड़ें
कोई टैग नहीं, इस रिकॉर्ड को टैग करने वाले पहले व्यक्ति बनें!

MARC

LEADER 00000nam a2200000 a 4500
001 UCW8196
003 CL-VaPUC
005 20241016095655.0
008 880705e19570000CL |||||||||||||||||spa|d
999 |c 220653  |d 220651 
040 |c Pontificia Universidad Católica de Valparaíso 
082 0 4 |a Ch866  |b LAD  |2 21 
100 |a Ladrón de Guevara, Matilde  |e author  |9 560878 
245 1 0 |a Gabriela Mistral, rebelde magnífica 
260 |a Santiago  |b Central de Talleres  |c 1957 
300 |a 182 p 
583 |a last modification  |c 20140820 03:16:21  |k Rodrigo Vera 
600 0 |a Mistral, Gabriela,  |d 1889-1957  |e autora  |q Godoy Alcayaga, Lucila  |9 866296 
650 0 |a Biografías  |9 255210 
650 0 |a Correspondencia  |9 258963 
942 |c BK  |2 ddc 
945 |d 19880705 00:00:00 
952 |0 0  |1 0  |4 0  |6 CH_866_000000000000000_LAD_1957  |7 0  |8 A  |9 213157  |a BIBEDU  |b BIBEDU  |d 2019-11-15  |i 2814838  |o Ch866 LAD 1957  |p 2814838  |r 2019-11-15  |w 2019-11-15  |y BK  |k LIT